| 000 | 00886nam a2200229 a 4500 | ||
|---|---|---|---|
| 001 | BRCA_8405 | ||
| 005 | 20190320210251.0 | ||
| 008 | 180315s1998----mx-a######---#000-0#spa-# | ||
| 041 | _aspa | ||
| 050 | 4 | _bL59 1998 | |
| 100 | 1 |
_aLizama Quijano, Jesús _921042 |
|
| 245 | 1 | 0 |
_aEl Archivo Histórico de la Arquidiócesis de Oaxaca _buna memoria que se exclaustra _cJesús J. Lizama Q., Daniela Traffano. |
| 260 |
_aOaxaca, México _bArchivo Histórico de la Arquidiócesis de Oaxaca : FOESCA _c1998 |
||
| 300 |
_a58 p. _bil. _c22 cm. |
||
| 440 | 0 |
_aCuadernos de historia eclesiástica _v1 _921043 |
|
| 504 | _aBibliografía : p. 56-58 | ||
| 610 | 2 | 4 |
_aArchivo Histórico de la Arquidiócesis de Oaxaca _xHistoria _921044 |
| 650 | 1 | 4 |
_aArchivos _zOaxaca, México _921045 |
| 650 | 1 | 4 |
_aIglesia _xHistoria _zOaxaca, México _921046 |
| 700 | 1 |
_aTraffano, Daniela _ecoaut. _921047 |
|
| 942 |
_2lcc _cB |
||
| 999 |
_c8073 _d8073 |
||